Personnalités dont le nom commence par la lettre J (par images) - Statistiques

Statistiques générales
  • Ce quiz a été pris 552 fois
    519 depuis la dernière actualisation
  • Le résultat moyen est 11 sur 20
Statistiques - réponses
Par images Réponse % Correct
Michael Jackson
99%
Elton John
94%
Angelina Jolie
84%
Gérard Jugnot
84%
Michael Jordan
84%
Dwayne Johnson
82%
Jay-Z
71%
JoeyStarr
71%
Lebron James
69%
Scarlett Johanson
62%
Alain Juppé
55%
Lionel Jospin
50%
Mick Jagger
50%
Hugh Jackman
48%
Eva Joly
34%
Yannick Jadot
31%
Michael Jones
30%
Laurent Jalabert
25%
Jean-Michel Jarre
19%
Jean-Pierre Jeunet
5%
Aucun quiz correspondant
Distribution des résultats
% des personnes avec chaque résultat
Percentile par nombre de réponses
Votre historique - résultats
Vous n’avez pas pris ce quiz depuis la dernière actualisation